[Event "Eger Agria op 40th"]
[Site "Eger"]
[Date "2016.07.22"]
[Round "7"]
[White "Simon, Milan Gabor"]
[Black "Vanyo, Jozsef"]
[Result "0-1"]
[WhiteElo "1492"]
[BlackElo "1695"]
[PlyCount "72"]
[EventDate "2016.07.18"]
[EventType "swiss"]
[EventRounds "8"]
[EventCountry "HUN"]
[SourceTitle "EXT 2020"]
[Source "ChessBase"]
[SourceDate "2019.10.17"]
[SourceVersion "1"]
[SourceVersionDate "2019.10.17"]
[SourceQuality "1"]

1. e4 c5 2. Nc3 e6 3. f4 Nc6 4. Nf3 a6 5. a4 Nf6 6. d3 d6 7. Be2 Nd4 8. 0-0 Nxe2+ 9. Qxe2 Be7 10. Bd2 0-0 11. Qf2 Ng4 12. Qg3 f5 13. h3 Nf6 14. Rae1 Nh5 15. Qf2 g6 16. e5 d5 17. Ne2 d4 18. Nc1 b5 19. b3 Qd5 20. Na2 bxa4 21. Nc1 Bd7 22. bxa4 Bxa4 23. c4 Qb7 24. Ne2 Bc6 25. Rb1 Qc7 26. Rb2 Rab8 27. Rfb1 Rxb2 28. Rxb2 a5 29. Nc1 a4 30. Na2 Rb8 31. Bc1 Rb3 32. Nd2 Rxd3 33. Qe2 Rg3 34. Kf1 Nxf4 35. Qf2 Bxg2+ 36. Ke1 Nd3+ 0-1